000 00537nam a2200181Ia 4500
008 090124s9999 xx 000 0 und d
082 _b31988
100 _aबापट मुकुन्द
245 _a मित्रा
250 _a1
260 _b"सूर्याक्षरविविधा, पुणे"
_c1994
300 _a186
600 _aबापट मुकुन्द
630 _a मित्रा
700 _aबापट मुकुन्द
730 _a मित्रा
942 _cBOOK
999 _c97817
_d97817